000 00514 a2200157 4500
020 _a8186830707
040 _aDLC
_bDLC
082 _a423
100 _aPentagon
245 _aPentagon's reference library Medical and first aid dictionary
_cPentagon
260 _aNew Delhi:
_bPentagon Press,
_c2004.
300 _a334 p. ;
_c20 cm.
500 _aIncludes Index
650 _a1.Medical--Dictionaries.2.Medicine, Popular Dictionaries.3.First aid illness and injury--Handbook, Manual, etc.
942 _cBK
_k423 PEN
_2ddc
999 _c9413
_d9413